| Поле | Инд. | ПП | Название | Значение |
|---|---|---|---|---|
| Тип записи | a | |||
| Библиографический уровень | m | |||
| 001 | Контрольный номер | af6c54619f74409c8972fe1ea2160ebd | ||
| 005 | Дата корректировки | 20260423164526.6 | ||
| 040 | a | Служба первич. каталог. | НБ ТвГУ | |
| b | Код языка каталог. | rus | ||
| e | Правила каталог. | PSBO | ||
| 041 | 0_ | a | Код языка текста | rus |
| 097 | b | Оператор | Alekseeva.EV | |
| 100 | 1_ | a | Автор | Болдырев Анатолий Капитонович |
| d | Дата | 1883-1946 | ||
| q | Полное имя | А.К. Болдырев | ||
| 245 | 10 | a | Заглавие | Карта главнейших полиметаллических месторождений русского Алтая |
| b | Продолж. заглавия | Пояснения к карте и выводы из нее | ||
| c | Ответственность | Отв. ред. М. М. Тетяев | ||
| 260 | a | Место издания | Ленинград | |
| c | Дата издания | 1927 | ||
| b | Издательство | Геологический комитет | ||
| 300 | a | Объем | [4], 85 с | |
| b | Иллюстрации/ тип воспроизводства | [4] вклад. л. красочн. диагр., карт. | ||
| 440 | _0 | a | Серия | Материалы по общей и прикладной геологии |
| v | N тома | Вып. 67 | ||
| 500 | a | Примечание | Тит. лист и обложка на рус., фр. и англ. яз. Резюме на англ. яз | |
| 653 | 0_ | a | Ключевые слова | Геология |
| a | Ключевые слова | Геология Алтая | ||
| a | Ключевые слова | Полиметаллические месторождения | ||
| 700 | 12 | a | Другие авторы | Григорьев И. Ф. |
| 901 | t | Тип документа | m | |
| 920 | a | Оператор | Алекс | |
| 952 | c | Вид литературы | К рн |